000
00342pab a2200145 454500
008
180718b1990 xxu||||| |||| 00| 0 eng d
100
_a
Hatti, Iranna
245
_a
The cotton textile industry in India
260
_c
1990
300
_a
29-31
362
_a
16 May
650
_a
Textile Industry - India
773
_a
Yojana
909
_a
19822
999
_c
19822
_d
19822